[Event "LTU-ch sf"]
[Site "Kaunas"]
[Date "2024.03.06"]
[Round "1"]
[White "Kudzma, Laimonas"]
[Black "Valantiejus, Jokubas"]
[Result "1/2-1/2"]
[WhiteElo "2251"]
[BlackElo "1654"]
[PlyCount "59"]
[EventDate "2024.03.06"]
[EventType "swiss"]
[EventRounds "8"]
[EventCountry "LTU"]
[SourceTitle "CB11_2024"]
[SourceDate "2024.03.13"]
[SourceVersion "1"]
[SourceVersionDate "2024.03.13"]
[SourceQuality "1"]

1. e4 c6 2. c4 d5 3. exd5 cxd5 4. cxd5 Nf6 5. Nc3 Nxd5 6. Bc4 Nb6 7. Bb3 Nc6 8. Nf3 Bg4 9. Bxf7+ Kxf7 10. Ng5+ Ke8 11. Qxg4 Qd7 12. Qe4 Qd4 13. d3 Rd8 14. Ne6 Qxe4+ 15. dxe4 Rd6 16. Nc7+ Kf7 17. N7b5 Rd7 18. Be3 Nc4 19. Rd1 Rxd1+ 20. Nxd1 a6 21. Nbc3 e6 22. Ke2 Bb4 23. a3 Ba5 24. Na4 Rc8 25. Nc5 Nd8 26. Nb3 Bc7 27. Bd4 Nc6 28. Bc3 Be5 29. Bxe5 N6xe5 30. Nd2 1/2-1/2

[Event "Vilnius Mikenas Memorial op"]
[Site "Vilnius"]
[Date "2015.09.19"]
[Round "9"]
[White "Cox, John J"]
[Black "Kudzma, Laimonas"]
[Result "0-1"]
[WhiteElo "2360"]
[BlackElo "2224"]
[PlyCount "88"]
[EventDate "2015.09.12"]
[EventType "swiss"]
[EventRounds "9"]
[EventCountry "LTU"]
[SourceTitle "EXT 2016"]
[Source "ChessBase"]
[SourceDate "2015.10.08"]
[SourceVersion "1"]
[SourceVersionDate "2015.10.08"]
[SourceQuality "1"]

1. d4 d6 2. c4 e5 3. d5 Be7 4. Nf3 Nf6 5. Nc3 0-0 6. e4 a5 7. h3 Na6 8. Be3 Nd7 9. Be2 Ndc5 10. 0-0 f5 11. exf5 Bxf5 12. Qd2 Qe8 13. Kh1 Qg6 14. Rad1 Rae8 15. Ne1 Bd8 16. Nd3 Nxd3 17. Bxd3 e4 18. Be2 Bf6 19. Nb5 b6 20. Nd4 Bd7 21. b3 Nc5 22. Nc2 Be5 23. Bd4 Qf6 24. f4 exf3 25. Rxf3 Qh4 26. Rxf8+ Kxf8 27. Bxe5 Rxe5 28. Rf1+ Kg8 29. Bf3 h6 30. Kg1 Bf5 31. Ne1 Qg3 32. Qf2 Qxf2+ 33. Kxf2 Bb1 34. a3 Nxb3 35. Bg4 Nd2 36. Rg1 Bf5 37. Nf3 Nxf3 38. Kxf3 Bxg4+ 39. hxg4 g6 40. Rh1 Kg7 41. a4 Re7 42. Rb1 Kf6 43. Rh1 Kg5 44. g3 Re8 0-1

[Event "Vilnius Mikenas Memorial op"]
[Site "Vilnius"]
[Date "2015.09.12"]
[Round "1"]
[White "Kudzma, Laimonas"]
[Black "Meskovs, Nikita"]
[Result "0-1"]
[WhiteElo "2224"]
[BlackElo "2493"]
[PlyCount "90"]
[EventDate "2015.09.12"]
[EventType "swiss"]
[EventRounds "9"]
[EventCountry "LTU"]
[SourceTitle "EXT 2016"]
[Source "ChessBase"]
[SourceDate "2015.10.08"]
[SourceVersion "1"]
[SourceVersionDate "2015.10.08"]
[SourceQuality "1"]

1. e4 e5 2. d4 exd4 3. Nf3 Nc6 4. Bc4 Nf6 5. 0-0 d6 6. Nxd4 Be7 7. Nc3 0-0 8. Re1 Re8 9. b3 Ne5 10. Bf1 c6 11. Bb2 a6 12. a4 Qa5 13. h3 Bf8 14. f4 Ng6 15. g3 Bd7 16. Bg2 Rad8 17. Kh2 h5 18. Qf3 c5 19. Nde2 h4 20. g4 Bc6 21. Qd3 Rd7 22. g5 Nh7 23. Nd5 Bxd5 24. Qxd5 Rde7 25. Rf1 Qc7 26. a5 Rd7 27. Nc3 Ne7 28. Qd2 d5 29. e5 d4 30. Ne4 Nf5 31. Qd3 Ne3 32. Rfe1 Be7 33. Rxe3 dxe3 34. Qxe3 c4 35. Bc3 cxb3 36. cxb3 Red8 37. Bf1 Nf8 38. Bc4 Ng6 39. Rg1 Rd1 40. Rxd1 Rxd1 41. Kg2 Qc6 42. Kf3 Rh1 43. Kg2 Bc5 44. Qf3 Rg1+ 45. Kh2 Rg3 0-1

[Event "Taujenai Mikenas Memorial 2nd"]
[Site "Taujenai"]
[Date "2014.08.04"]
[Round "2"]
[White "Velioniskis, Robertas"]
[Black "Kudzma, Laimonas"]
[Result "0-1"]
[WhiteElo "1986"]
[BlackElo "2169"]
[PlyCount "52"]
[EventDate "2014.08.03"]
[EventType "swiss"]
[EventRounds "6"]
[EventCountry "LTU"]
[SourceTitle "CBM 161 Extra"]
[Source "ChessBase"]
[SourceDate "2014.08.29"]
[SourceVersion "1"]
[SourceVersionDate "2014.08.29"]
[SourceQuality "1"]

1. d4 Nf6 2. c4 d6 3. Nc3 e5 4. g3 exd4 5. Qxd4 Nc6 6. Qd2 Be6 7. e4 Qe7 8. Be2 0-0-0 9. b3 Nxe4 10. Nxe4 d5 11. Ng5 dxc4 12. Qe3 Qf6 13. Nxe6 fxe6 14. Nf3 Bb4+ 15. Kf1 Qxa1 16. Kg2 cxb3 17. axb3 Qc3 18. Qxe6+ Kb8 19. Be3 Rhe8 20. Qf5 Rxe3 21. fxe3 Qxe3 22. Qb5 a6 23. Qc4 Bc5 24. Rc1 Bb6 25. Rc2 Rf8 26. Qg4 g6 0-1

[Event "LTU-chT"]
[Site "Lithuania"]
[Date "2014.02.09"]
[Round "5.1"]
[White "Kudzma, Laimonas"]
[Black "Klabis, Rokas"]
[Result "1/2-1/2"]
[WhiteElo "2156"]
[BlackElo "2235"]
[PlyCount "107"]
[EventDate "2014.01.25"]
[EventType "team-swiss"]
[EventRounds "7"]
[EventCountry "LTU"]
[SourceTitle "CBM 158 Extra"]
[Source "ChessBase"]
[SourceDate "2014.02.28"]
[SourceVersion "1"]
[SourceVersionDate "2014.02.28"]
[SourceQuality "1"]
[WhiteTeam "Vilnius Fortas"]
[BlackTeam "Siauliai Tomas"]
[WhiteTeamCountry "LTU"]
[BlackTeamCountry "LTU"]

1. c4 e5 2. Nf3 Nc6 3. Nc3 f5 4. d4 e4 5. Ng5 Nf6 6. e3 h6 7. Nh3 Bb4 8. Qb3 a5 9. Bd2 0-0 10. Nf4 Kh7 11. h4 Ne7 12. h5 Bd6 13. Nce2 c6 14. Bc3 b5 15. cxb5 a4 16. Qd1 cxb5 17. Qd2 Nfd5 18. a3 Re8 19. g3 Bb7 20. Bh3 Kh8 21. Nxd5 Bxd5 22. Bb4 Qb6 23. Bxd6 Qxd6 24. Nf4 Bc4 25. Bf1 Nd5 26. Ng6+ Kg8 27. Be2 Rac8 28. 0-0 Nb6 29. Rfc1 Kh7 30. Nf4 Rc7 31. Rc2 Rec8 32. Rac1 Bxe2 33. Rxc7 Rxc7 34. Nxe2 Nc4 35. Qb4 Qxb4 36. axb4 Rc6 37. d5 Rd6 38. Nc3 Nxb2 39. Nxb5 Rb6 40. Nd4 Rxb4 41. Rc7 a3 42. d6 a2 43. Nc2 Rc4 44. Na1 Rb4 45. Ra7 Na4 46. Kg2 Nc3 47. Ra3 Rc4 48. Ra7 Rc6 49. Rc7 Rxd6 50. Rxc3 Rd1 51. Nb3 a1Q 52. Nxa1 Rxa1 53. Rc5 g6 54. Rd5 1/2-1/2

[Event "Vilnius Classic"]
[Site "Vilnius"]
[Date "2013.04.26"]
[Round "3"]
[White "Kudzma, Laimonas"]
[Black "Armonaitis, Silvestras"]
[Result "1/2-1/2"]
[WhiteElo "2146"]
[BlackElo "2076"]
[PlyCount "51"]
[EventDate "2013.04.24"]
[EventType "tourn"]
[EventRounds "5"]
[EventCountry "LTU"]
[SourceTitle "EXT 2018"]
[Source "ChessBase"]
[SourceDate "2017.10.13"]
[SourceVersion "1"]
[SourceVersionDate "2017.10.13"]
[SourceQuality "1"]

1. e4 e6 2. d4 d5 3. e5 c5 4. c3 Nc6 5. Nf3 Qb6 6. a3 c4 7. Nbd2 Na5 8. g3 Bd7 9. Bh3 h6 10. 0-0 Ne7 11. Nh4 g5 12. Ng2 h5 13. Ne3 g4 14. Bg2 Bh6 15. f4 0-0-0 16. Rf2 Kb8 17. Rb1 Rc8 18. Ndf1 Nb3 19. Bd2 Qd8 20. Be1 Qg8 21. f5 Ba4 22. Qe2 Qh7 23. Rd1 Na5 24. Ra1 Nb3 25. Rd1 Na5 26. Ra1 1/2-1/2

[Event "EU-ch rapid"]
[Site "Warsaw"]
[Date "2012.12.15"]
[Round "5"]
[White "Dragun, Kamil"]
[Black "Kudzma, Laimonas"]
[Result "1-0"]
[WhiteElo "2461"]
[BlackElo "2152"]
[PlyCount "54"]
[EventDate "2012.12.15"]
[EventType "swiss (rapid)"]
[EventRounds "11"]
[EventCountry "POL"]
[SourceTitle "EXT 2014"]
[Source "ChessBase"]
[SourceDate "2013.11.20"]
[SourceVersion "1"]
[SourceVersionDate "2013.11.20"]
[SourceQuality "1"]

1. e4 d6 2. d4 Nf6 3. Nc3 e5 4. Nf3 Nbd7 5. Bc4 Be7 6. 0-0 0-0 7. h3 c6 8. a4 b6 9. Re1 Bb7 10. Bg5 Ne8 11. Be3 Nc7 12. Ba2 Bf6 13. Qd2 Qe7 14. Rad1 Rad8 15. b4 exd4 16. Nxd4 g6 17. Nde2 c5 18. b5 Rfe8 19. Qxd6 Qxd6 20. Rxd6 Bxe4 21. Nxe4 Rxe4 22. Red1 Bd4 23. Nxd4 cxd4 24. R1xd4 Rxd4 25. Rxd4 Kg7 26. Bg5 f6 27. Bf4 Rf8 1-0

[Event "Panevezys op-A 24th"]
[Site "Panevezys"]
[Date "2011.08.14"]
[Round "7"]
[White "Ottolini, Graziano"]
[Black "Kudzma, Laimonas"]
[Result "1-0"]
[WhiteElo "2049"]
[BlackElo "2187"]
[PlyCount "167"]
[EventDate "2011.08.09"]
[EventType "swiss"]
[EventRounds "9"]
[EventCountry "LTU"]
[SourceTitle "CBM 143 Extra"]
[Source "ChessBase"]
[SourceDate "2011.08.29"]
[SourceVersion "1"]
[SourceVersionDate "2011.08.29"]
[SourceQuality "1"]

1. e4 d6 2. d4 Nf6 3. Nc3 e5 4. dxe5 dxe5 5. Qxd8+ Kxd8 6. Bg5 Bd6 7. Bc4 Be6 8. Bxe6 fxe6 9. 0-0-0 Ke7 10. Nge2 h6 11. Bh4 Nbd7 12. f3 a6 13. Kb1 Raf8 14. Rhf1 Rhg8 15. Bg3 Nh5 16. h3 Nxg3 17. Nxg3 Rf7 18. Rfe1 Nf8 19. Nce2 Ng6 20. Nc1 Nf4 21. Rd2 g5 22. Nf1 h5 23. Ne3 b5 24. Nd3 Rff8 25. c4 Nxd3 26. Rxd3 Bc5 27. cxb5 axb5 28. Rc1 Bd6 29. Rdc3 Kd7 30. Rd1 Rb8 31. Rc2 Rb6 32. Rdc1 Ra8 33. Rd1 Ra4 34. Nf1 Rb8 35. Ng3 Rh8 36. Ne2 Rha8 37. Nc3 Rc4 38. Nxb5 Rxc2 39. Kxc2 Rxa2 40. Na3 Kc6 41. Kb3 Bxa3 42. Kxa2 Bd6 43. Kb3 h4 44. Kc4 Kb6 45. Ra1 Kb7 46. b4 c6 47. Rg1 Bb8 48. g3 Ba7 49. Rg2 hxg3 50. Rxg3 Be3 51. Rg4 Kc7 52. h4 gxh4 53. Rxh4 Kd6 54. Rh7 Bf2 55. Rh8 Bb6 56. Ra8 Kd7 57. Ra6 Bf2 58. Ra5 Kd6 59. b5 cxb5+ 60. Kxb5 Kd7 61. Ka6 Bg3 62. Kb7 Bf4 63. Ra3 Bg3 64. Rd3+ Ke7 65. Kc6 Be1 66. Rb3 Bf2 67. Rb7+ Kf6 68. Kd7 Bc5 69. Rc7 Bd4 70. Rc6 Kg5 71. Rxe6 Kf4 72. Rf6+ Ke3 73. Kd6 Bb2 74. Rf5 Bc3 75. Rxe5 Kxf3 76. Re8 Kf4 77. e5 Kf5 78. Rf8+ Ke4 79. Re8 Kf5 80. e6 Kf6 81. Rf8+ Kg7 82. Rf1 Bb4+ 83. Kd7 Bf8 84. e7 1-0

[Event "Panevezys op-A 24th"]
[Site "Panevezys"]
[Date "2011.08.09"]
[Round "1"]
[White "Milasevicius, Jonas"]
[Black "Kudzma, Laimonas"]
[Result "1-0"]
[WhiteElo "1952"]
[BlackElo "2187"]
[PlyCount "117"]
[EventDate "2011.08.09"]
[EventType "swiss"]
[EventRounds "9"]
[EventCountry "LTU"]
[SourceTitle "CBM 143 Extra"]
[Source "ChessBase"]
[SourceDate "2011.08.29"]
[SourceVersion "1"]
[SourceVersionDate "2011.08.29"]
[SourceQuality "1"]

1. d4 Nf6 2. Nf3 c5 3. c3 d5 4. e3 e6 5. Bd3 Nbd7 6. 0-0 b6 7. Qe2 Bb7 8. Nbd2 Ne4 9. c4 Be7 10. cxd5 exd5 11. Rd1 0-0 12. Nf1 Ndf6 13. Bd2 c4 14. Bc2 b5 15. a3 Re8 16. Ne5 Bd6 17. f4 Nxd2 18. Nxd2 Qe7 19. Rf1 a5 20. g4 Nd7 21. Rf3 Nf8 22. g5 Bxe5 23. dxe5 d4 24. exd4 Qd7 25. Qf2 Bxf3 26. Nxf3 Qg4+ 27. Qg3 Qxg3+ 28. hxg3 b4 29. Be4 Rab8 30. Rc1 Rec8 31. Bf5 Rc7 32. d5 bxa3 33. bxa3 Rb3 34. Nd4 Rxg3+ 35. Kf2 Rxa3 36. Nb5 Ra2+ 37. Ke3 Rb7 38. Nc3 Rh2 39. d6 a4 40. Nxa4 Rb3+ 41. Nc3 g6 42. Bc8 Rb8 43. Nd5 Rb3+ 44. Kd4 Rd2+ 45. Kxc4 Rbd3 46. Nf6+ Kg7 47. Kc5 Rd4 48. f5 gxf5 49. Bxf5 Ne6+ 50. Bxe6 fxe6 51. Rh1 Kg6 52. Rxh7 Kxg5 53. Kc6 Re2 54. Rh5+ Kg6 55. Kd7 Rf4 56. Ke7 Rf5 57. d7 Rd2 58. Rh2 Rd1 59. Rg2+ 1-0

[Event "LTU-chT 1011"]
[Site "Lithuania"]
[Date "2011.01.09"]
[Round "5"]
[White "Kudzma, Laimonas"]
[Black "Butnorius, Algimantas"]
[Result "1/2-1/2"]
[WhiteElo "2232"]
[BlackElo "2388"]
[PlyCount "116"]
[EventDate "2010.11.06"]
[EventType "team-tourn"]
[EventRounds "9"]
[EventCountry "LTU"]
[SourceTitle "EXT 2012"]
[Source "ChessBase"]
[SourceDate "2011.11.24"]
[SourceVersion "1"]
[SourceVersionDate "2011.11.24"]
[SourceQuality "1"]

1. d4 d5 2. c4 c6 3. Nc3 Nf6 4. e3 e6 5. Nf3 Nbd7 6. Qc2 Bd6 7. e4 dxe4 8. Nxe4 Nxe4 9. Qxe4 Bb4+ 10. Bd2 Bxd2+ 11. Nxd2 c5 12. dxc5 Qc7 13. Qe3 Nxc5 14. Be2 a5 15. 0-0 0-0 16. f4 b6 17. Nf3 Bb7 18. Rfd1 Bxf3 19. Bxf3 Rad8 20. Rac1 h6 21. h4 Qe7 22. g3 Qf6 23. Qc3 Qxc3 24. Rxc3 Rxd1+ 25. Bxd1 Rd8 26. Bc2 Rd2 27. Kf1 f5 28. Ke1 Rh2 29. b3 Kf7 30. a3 Ke7 31. Kd1 Na6 32. Re3 Kd6 33. Kc1 Nc5 34. b4 axb4 35. axb4 Nd7 36. Bb3 Rg2 37. c5+ bxc5 38. Rxe6+ Kc7 39. Re7 Kd6 40. Re6+ Kc7 41. b5 Rxg3 42. Rc6+ Kb8 43. Be6 Rd3 44. Bxf5 Rd4 45. b6 Kb7 46. Rc7+ Kxb6 47. Rxd7 Rxf4 48. Be6 Rxh4 49. Rxg7 c4 50. Kc2 Kc5 51. Bg4 Kd4 52. Rd7+ Kc5 53. Bf3 Rf4 54. Be2 Re4 55. Bd1 Re3 56. Rd2 Ra3 57. Rd8 Ra2+ 58. Kb1 Rh2 1/2-1/2

[Event "Rilton Cup 40th"]
[Site "Stockholm"]
[Date "2011.01.05"]
[Round "9"]
[White "Kudzma, Laimonas"]
[Black "Cederstam Barsk, Carl"]
[Result "1/2-1/2"]
[WhiteElo "2232"]
[BlackElo "2020"]
[PlyCount "104"]
[EventDate "2010.12.27"]
[EventType "swiss"]
[EventRounds "9"]
[EventCountry "SWE"]
[SourceTitle "CBM 140 Extra"]
[Source "ChessBase"]
[SourceDate "2011.03.01"]
[SourceVersion "1"]
[SourceVersionDate "2011.03.01"]
[SourceQuality "1"]

1. d4 d5 2. c4 c6 3. Nc3 Nf6 4. e3 e6 5. Nf3 Nbd7 6. Bd3 dxc4 7. Bxc4 b5 8. Bd3 a6 9. a4 b4 10. Ne4 c5 11. dxc5 Bxc5 12. Nxf6+ Nxf6 13. e4 e5 14. 0-0 Qe7 15. b3 Bb7 16. Qe2 0-0 17. Bb2 Nd7 18. Nd2 a5 19. Rac1 Nb6 20. Rc2 Rfc8 21. Rfc1 Bd6 22. Bb5 Rxc2 23. Rxc2 Rc8 24. Nc4 Nxc4 25. Bxc4 Qh4 26. Rd2 Qe7 27. Bd5 Bxd5 28. Rxd5 Qc7 29. Qd2 Bf8 30. g3 f6 31. Kg2 Qc2 32. Rd3 h6 33. h4 Qb1 34. Qe2 Rc2 35. Rd2 Rxd2 36. Qxd2 Qxe4+ 37. f3 Qc6 38. Qd3 Qd6 39. Qxd6 Bxd6 40. h5 Kf7 41. Bc1 Bc5 42. f4 Ke6 43. Kf3 Kd5 44. g4 e4+ 45. Ke2 Bd4 46. Be3 Bc5 47. Bc1 Bb6 48. Be3 Bd4 49. Bc1 Kd6 50. Bd2 Ke6 51. f5+ Kd5 52. Bf4 Be5 1/2-1/2

[Event "Rilton Cup 40th"]
[Site "Stockholm"]
[Date "2010.12.27"]
[Round "1"]
[White "Ulybin, Mikhail"]
[Black "Kudzma, Laimonas"]
[Result "1-0"]
[WhiteElo "2552"]
[BlackElo "2232"]
[PlyCount "93"]
[EventDate "2010.12.27"]
[EventType "swiss"]
[EventRounds "9"]
[EventCountry "SWE"]
[SourceTitle "CBM 140 Extra"]
[Source "ChessBase"]
[SourceDate "2011.03.01"]
[SourceVersion "1"]
[SourceVersionDate "2011.03.01"]
[SourceQuality "1"]

1. d4 Nf6 2. c4 e6 3. g3 Bb4+ 4. Bd2 Qe7 5. Nf3 Nc6 6. Nc3 Bxc3 7. Bxc3 Ne4 8. Rc1 0-0 9. Bg2 d6 10. d5 Nxc3 11. Rxc3 Nb8 12. dxe6 fxe6 13. Nd4 c6 14. 0-0 e5 15. Nc2 Be6 16. Qd2 Nd7 17. e4 Nc5 18. Ne3 a5 19. f4 exf4 20. gxf4 Rae8 21. f5 Bc8 22. Rf4 Qg5 23. Rg4 Qh6 24. Qf2 Kh8 25. Nf1 Qf6 26. Rh3 Re7 27. Qd2 a4 28. Ng3 Qe5 29. Rh5 Rf6 30. Rgh4 h6 31. Rg5 Kg8 32. Rgg4 Kf8 33. Nh5 a3 34. bxa3 Qa1+ 35. Bf1 Rff7 36. Nf4 Ke8 37. Ng6 Rd7 38. Rf4 Qf6 39. Rh3 Kd8 40. Rhf3 Kc7 41. Rf2 Rd8 42. Bg2 Re8 43. Rf1 Nd7 44. Rg4 Ne5 45. Nxe5 Qxe5 46. Rg6 Rd8 47. Kh1 1-0

[Event "Wroclaw op 5th"]
[Site "Wroclaw"]
[Date "2010.07.02"]
[Round "9"]
[White "Kudzma, Laimonas"]
[Black "Duda, Jan Krzysztof"]
[Result "0-1"]
[WhiteElo "2236"]
[BlackElo "2197"]
[PlyCount "112"]
[EventDate "2010.06.26"]
[EventType "swiss"]
[EventRounds "9"]
[EventCountry "POL"]
[SourceTitle "CBM 137 Extra"]
[Source "ChessBase"]
[SourceDate "2010.09.01"]
[SourceVersion "1"]
[SourceVersionDate "2010.09.01"]
[SourceQuality "1"]

1. d4 Nf6 2. c4 e6 3. Nf3 c6 4. Qc2 d5 5. Nbd2 Nbd7 6. e4 dxe4 7. Nxe4 Nxe4 8. Qxe4 Bb4+ 9. Bd2 Bxd2+ 10. Nxd2 c5 11. dxc5 Qf6 12. Rb1 Nxc5 13. Qe3 Qe7 14. b4 Nd7 15. Be2 b6 16. Bf3 Rb8 17. 0-0 0-0 18. Rfd1 Bb7 19. Bxb7 Rxb7 20. Ne4 Rc7 21. Qd4 Nf6 22. Nd6 Rd7 23. Rb2 Rfd8 24. c5 bxc5 25. bxc5 Ne8 26. Rbd2 Nxd6 27. cxd6 Rxd6 28. Qxd6 Rxd6 29. Rxd6 g5 30. h3 Kg7 31. g3 a5 32. R6d3 Qc5 33. a3 h5 34. Re3 Kg6 35. Rde1 Kf6 36. Rf3+ Ke7 37. Rd1 f5 38. Rfd3 Kf6 39. Kg2 f4 40. h4 gxh4 41. gxf4 Qf5 42. Kf3 Qg4+ 43. Ke3 h3 44. Rc1 h2 45. Rdd1 Qh3+ 46. f3 Qg2 47. Rf1 a4 48. Rfd1 h4 49. Rf1 Qb2 50. Ra1 Kf5 51. Rac1 Qb6+ 52. Ke2 Kxf4 53. Rc4+ Kf5 54. Rh1 Qb5 55. Kd3 Qd5+ 56. Rd4 Qxf3+ 0-1

[Event "Wroclaw op 5th"]
[Site "Wroclaw"]
[Date "2010.06.28"]
[Round "4"]
[White "Aliavdin, Nikolai"]
[Black "Kudzma, Laimonas"]
[Result "0-1"]
[WhiteElo "2367"]
[BlackElo "2207"]
[PlyCount "72"]
[EventDate "2010.06.26"]
[EventType "swiss"]
[EventRounds "9"]
[EventCountry "POL"]
[SourceTitle "CBM 137 Extra"]
[Source "ChessBase"]
[SourceDate "2010.09.01"]
[SourceVersion "1"]
[SourceVersionDate "2010.09.01"]
[SourceQuality "1"]

1. e4 c5 2. Nf3 Nf6 3. e5 Nd5 4. Nc3 Nxc3 5. dxc3 e6 6. Bf4 Nc6 7. Qd2 Be7 8. h4 h6 9. h5 b6 10. Rh3 Bb7 11. Rg3 Bf8 12. 0-0-0 Qc7 13. c4 0-0-0 14. Qe3 Ne7 15. Bd3 Qc6 16. Nh4 Kb8 17. b3 Nc8 18. Be2 Qe4 19. Qd2 Be7 20. Nf3 Bf8 21. Bd3 Qc6 22. Re1 Qc7 23. Be4 d5 24. exd6 Bxd6 25. Bxd6 Nxd6 26. Bxb7 Nf5 27. Qc3 Nxg3 28. fxg3 Kxb7 29. Qxg7 Rhg8 30. Qxh6 Qxg3 31. Qh7 Qf4+ 32. Kb1 Rxg2 33. Ne5 Qf5 34. Qxf5 exf5 35. Nxf7 Rd7 36. Ne5 Re7 0-1

[Event "Wroclaw op 5th"]
[Site "Wroclaw"]
[Date "2010.06.28"]
[Round "3"]
[White "Lach, Piotr"]
[Black "Kudzma, Laimonas"]
[Result "0-1"]
[WhiteElo "2164"]
[BlackElo "2207"]
[PlyCount "94"]
[EventDate "2010.06.26"]
[EventType "swiss"]
[EventRounds "9"]
[EventCountry "POL"]
[SourceTitle "CBM 137 Extra"]
[Source "ChessBase"]
[SourceDate "2010.09.01"]
[SourceVersion "1"]
[SourceVersionDate "2010.09.01"]
[SourceQuality "1"]

1. e4 c5 2. Nf3 Nc6 3. d4 cxd4 4. Nxd4 e5 5. Nb5 Nf6 6. N1c3 d6 7. a4 a6 8. Na3 Be6 9. Bg5 Rc8 10. Bc4 Be7 11. Bxf6 Bxf6 12. Nd5 0-0 13. 0-0 Bg5 14. c3 Kh8 15. b4 Qe8 16. Qb3 f5 17. Nb6 Bxc4 18. Naxc4 Rd8 19. b5 Nb8 20. exf5 d5 21. Ne3 d4 22. cxd4 exd4 23. Ned5 Rxf5 24. Rad1 Nd7 25. bxa6 Nxb6 26. Nxb6 bxa6 27. Qd3 Ra5 28. Qc4 Bf6 29. Rfe1 Qh5 30. Qb4 h6 31. Rd3 Qc5 32. Rb1 Qxb4 33. Rxb4 Rc5 34. g3 Rc2 35. a5 Rc5 36. Ra4 Rc3 37. Rxc3 dxc3 38. Rc4 Rd2 39. Kg2 c2 40. Na4 Bd4 41. Nc5 Rxf2+ 42. Kh3 Be3 43. Nb3 h5 44. Rc6 g5 45. Rh6+ Kg7 46. Rxh5 Rf8 47. Kg4 Rb8 0-1

[Event "LTU-chT 0910"]
[Site "Lithuania"]
[Date "2010.04.11"]
[Round "9.23"]
[White "Kudzma, Laimonas"]
[Black "Genutis, Mindaugas"]
[Result "0-1"]
[WhiteElo "2236"]
[BlackElo "2295"]
[PlyCount "52"]
[EventDate "2009.11.07"]
[EventType "team-tourn"]
[EventRounds "9"]
[EventCountry "LTU"]
[SourceTitle "EXT 2022"]
[Source "ChessBase"]
[SourceDate "2021.10.06"]
[SourceVersion "1"]
[SourceVersionDate "2021.10.06"]
[SourceQuality "1"]
[WhiteTeam "Vilnius Fortas"]
[BlackTeam "Kaunas Trys nuliai"]
[WhiteTeamCountry "LTU"]
[BlackTeamCountry "LTU"]

1. d4 d5 2. c4 c6 3. Nc3 dxc4 4. e4 b5 5. a4 b4 6. Na2 Nf6 7. f3 e5 8. Bxc4 exd4 9. Ne2 Bc5 10. Bf4 Nbd7 11. Nxd4 Nh5 12. Be3 0-0 13. 0-0 Ne5 14. Be2 Nf4 15. Nf5 Qg5 16. Rf2 Bxe3 17. Nxe3 Nh3+ 18. Kf1 Qxe3 19. gxh3 Bxh3+ 20. Kg1 Rfd8 21. Qe1 Rd2 22. Nxb4 Rad8 23. Ra3 Nxf3+ 24. Kh1 Qxa3 25. Rxf3 Qxb4 26. Rxh3 Qxe4+ 0-1

[Event "Pobeskydy ArcelorMittal op 21st"]
[Site "Frydek Mistek"]
[Date "2010.04.04"]
[Round "7"]
[White "Kudzma, Laimonas"]
[Black "Jacko, Vladimir1111"]
[Result "1-0"]
[WhiteElo "2236"]
[BlackElo "2064"]
[PlyCount "108"]
[EventDate "2010.04.01"]
[EventType "swiss"]
[EventRounds "9"]
[EventCountry "CZE"]
[SourceTitle "CBM 135 Extra"]
[Source "ChessBase"]
[SourceDate "2010.05.04"]
[SourceVersion "1"]
[SourceVersionDate "2010.05.04"]
[SourceQuality "1"]

1. d4 c5 2. d5 Nf6 3. Nc3 d6 4. e4 g6 5. Be2 Bg7 6. Nf3 0-0 7. 0-0 a6 8. a4 b6 9. h3 Nbd7 10. Bf4 Qc7 11. Nd2 Rb8 12. Bh2 Re8 13. Kh1 Bb7 14. Nc4 Ba8 15. Ne3 Bb7 16. Qd2 Rbd8 17. Rad1 Nf8 18. Nc4 Ba8 19. Qd3 Qb8 20. Ne3 Bb7 21. Nc4 Ba8 22. e5 dxe5 23. Bxe5 Qa7 24. Bf3 Ne6 25. Qe3 Nc7 26. a5 bxa5 27. Bxc7 Qxc7 28. Qd2 Nd7 29. Rfe1 Bd4 30. d6 Qb8 31. Qf4 exd6 32. Rxe8+ Rxe8 33. Bxa8 Qxa8 34. Qxd6 Ne5 35. Nb6 Qb8 36. Qxb8 Rxb8 37. Nca4 Nc6 38. c3 Bg7 39. Nc4 Bf8 40. Kg1 Re8 41. Kf1 Re4 42. Nab6 Kg7 43. g3 Ne5 44. Nxe5 Rxe5 45. Nc4 Re4 46. Nxa5 Ra4 47. Nc6 Ra2 48. Ke2 h5 49. h4 Kg8 50. Kd3 Ra4 51. Ne5 Kg7 52. Re1 Kf6 53. Nd7+ Kg7 54. Nb6 Ra2 1-0

[Event "Pobeskydy ArcelorMittal op 21st"]
[Site "Frydek Mistek"]
[Date "2010.04.03"]
[Round "5"]
[White "Skrzypczak, Anna"]
[Black "Kudzma, Laimonas"]
[Result "1/2-1/2"]
[WhiteElo "1982"]
[BlackElo "2236"]
[PlyCount "75"]
[EventDate "2010.04.01"]
[EventType "swiss"]
[EventRounds "9"]
[EventCountry "CZE"]
[SourceTitle "CBM 135 Extra"]
[Source "ChessBase"]
[SourceDate "2010.05.04"]
[SourceVersion "1"]
[SourceVersionDate "2010.05.04"]
[SourceQuality "1"]

1. e4 d6 2. d4 Nf6 3. Nc3 e5 4. dxe5 dxe5 5. Qxd8+ Kxd8 6. Bc4 Be6 7. Bxe6 fxe6 8. Nf3 Bd6 9. Bg5 Nbd7 10. 0-0-0 a6 11. Nd2 h6 12. Bh4 g5 13. Bg3 Nh5 14. Nc4 Ke7 15. Nxd6 cxd6 16. Rd2 Rac8 17. f3 Nxg3 18. hxg3 h5 19. Nd1 Nf6 20. Ne3 g4 21. b3 Rhg8 22. Rg1 h4 23. Nxg4 Nxg4 24. fxg4 hxg3 25. Rh1 Rh8 26. Rxh8 Rxh8 27. Rd3 Rf8 28. Rxg3 Rf4 29. g5 Rxe4 30. g6 Kf8 31. g7+ Kg8 32. Rg6 Rd4 33. c3 Rd5 34. Kb2 b5 35. b4 e4 36. Rxe6 Rg5 37. Rxe4 Rxg2+ 38. Kb3 1/2-1/2

[Event "Pobeskydy ArcelorMittal op 21st"]
[Site "Frydek Mistek"]
[Date "2010.04.03"]
[Round "6"]
[White "Tropp, Lukas"]
[Black "Kudzma, Laimonas"]
[Result "0-1"]
[WhiteElo "1933"]
[BlackElo "2236"]
[PlyCount "134"]
[EventDate "2010.04.01"]
[EventType "swiss"]
[EventRounds "9"]
[EventCountry "CZE"]
[SourceTitle "CBM 135 Extra"]
[Source "ChessBase"]
[SourceDate "2010.05.04"]
[SourceVersion "1"]
[SourceVersionDate "2010.05.04"]
[SourceQuality "1"]

1. e4 g6 2. d4 Bg7 3. Nc3 d6 4. Nf3 Nf6 5. Be2 c6 6. 0-0 0-0 7. h3 Qc7 8. Bf4 Re8 9. Bd3 e5 10. dxe5 dxe5 11. Bh2 Nbd7 12. Qe2 Nh5 13. Rad1 a5 14. Qe3 Nf8 15. Ne2 Ne6 16. c3 Nhf4 17. Bxf4 Nxf4 18. Nxf4 exf4 19. Qc1 Be6 20. Bb1 a4 21. Rfe1 Ra5 22. Qd2 Rc5 23. Nd4 Bc8 24. b4 axb3 25. axb3 Rh5 26. Qd3 Rhe5 27. Qf3 R5e7 28. Rf1 Be5 29. Bc2 c5 30. Nb5 Qb6 31. c4 Qf6 32. Rd5 b6 33. Rfd1 Be6 34. R5d2 h5 35. Nd6 Rd8 36. Nb5 Red7 37. Rxd7 Rxd7 38. Rxd7 Bxd7 39. Qd3 Be6 40. Bd1 Kg7 41. Na7 Bb2 42. Nb5 Be5 43. Bf3 Kh6 44. Qd1 Qe7 45. Qd3 Qf6 46. Qd1 Qh8 47. Qd2 Kg5 48. Na7 Qa8 49. Nb5 Kf6 50. Qd1 Ke7 51. Qd2 Qa1+ 52. Qd1 Qa2 53. Be2 Qb2 54. Na7 Bd4 55. Nc6+ Kf6 56. Nxd4 cxd4 57. Qd3 Ke5 58. Bd1 Kd6 59. Qf3 Qd2 60. b4 Qxb4 61. Qxf4+ Kc6 62. e5 Qe1+ 63. Kh2 Qxd1 64. Qe4+ Kc5 65. Qb7 Qa4 66. Qe7+ Kxc4 67. Qc7+ Kb5 0-1